A sojourn from margin to centre: (Record no. 39620)

MARC details
000 -LEADER
fixed length control field 00703nam a22001937a 4500
005 - DATE AND TIME OF LATEST TRANSACTION
control field 20100805152935.0
010 ## - LCCN (DPL NO)
LC control number ENG-98463
020 ## - INTERNATIONAL STANDARD BOOK NUMBER
Terms of availability 195.00
International Standard Book Number 9788190558716
035 ## - SYSTEM CONTROL NUMBER
System control number EN-81996
037 ## - SOURCE OF ACQUISITION
Source of stock number/acquisition DBAD/PUB
082 ## - DEWEY DECIMAL CLASSIFICATION NUMBER
Classification number 881
100 ## - MAIN ENTRY--PERSONAL NAME
Personal name Gadhvi, Bhumika
245 ## - TITLE STATEMENT
Title A sojourn from margin to centre:
Statement of responsibility, etc by Bhumika Gadhvi
Remainder of title a comparative study of black and dalit poetry /
260 ## - PUBLICATION, DISTRIBUTION, ETC. (IMPRINT)
Place of publication, distribution, etc Delhi
Name of publisher, distributor, etc Yatharth Publications
Date of publication, distribution, etc 2010
270 ## - ADDRESS
Address 1/1955, Street No. 22A East Ram Nagar, Near Durga Mandir,
City Delhi
Postal code 110032
300 ## - PHYSICAL DESCRIPTION
Extent 87p.
Dimensions 22cm (Hb)
942 ## - ADDED ENTRY ELEMENTS (KOHA)
Source of classification or shelving scheme Dewey Decimal Classification
Item type English Books
Call number suffix GAD
Classification part 881
Holdings
Withdrawn status Lost status Not for loan Collection code Home library Current library Date acquired Source of acquisition Cost, normal purchase price Full call number Barcode Copy number Cost, replacement price Koha item type
    Not For Loan Non-fiction D.B.Act.Division D.B.Act.Division 06/08/2010 DBAD/PUB 195.00 GAD EN-81996 1 195.00 English Books

© Delhi Public Library
Hit Counter
free hit counter